[Event "Commonwealth-ch"]
[Site "Mumbai"]
[Date "2003.04.23"]
[Round "5"]
[White "Kalyan, Kumar Y"]
[Black "Poobesh Anand, Selvaraj"]
[Result "1-0"]
[WhiteElo "2153"]
[BlackElo "2333"]
[PlyCount "61"]
[EventDate "2003.04.20"]
[EventType "swiss"]
[EventRounds "10"]
[EventCountry "IND"]
[SourceTitle "CBM 093 Extra"]
[Source "ChessBase"]
[SourceDate "2003.05.09"]
[SourceVersion "1"]
[SourceVersionDate "2003.05.09"]
[SourceQuality "1"]

1. d4 Nf6 2. Nf3 e6 3. Bg5 h6 4. Bxf6 Qxf6 5. Nbd2 b6 6. e3 Bb7 7. Bd3 Qd8 8. Qe2 Be7 9. c3 d6 10. 0-0 0-0 11. e4 Nd7 12. b4 c5 13. a3 Qc7 14. Rfe1 Rfc8 15. e5 dxe5 16. Nxe5 Nxe5 17. dxe5 cxb4 18. cxb4 Qc3 19. Nf3 a5 20. bxa5 Rxa5 21. a4 Bd5 22. h3 Bc4 23. Rac1 Bxd3 24. Rxc3 Rxc3 25. Qb2 Rc2 26. Qb3 Rd5 27. Rd1 Be4 28. Rxd5 exd5 29. Qxb6 Bc5 30. Qd8+ Kh7 31. Qh4 1-0